000 01461cam a22002174a 4500
005 20250605163935.0
008 250528s ||||||||||||||||||||||||d
035 _a14827
020 _a415100178
040 _aGR-AtMCL
_bgre
_dGR-AtMCL
_eAACR2
245 1 _aMedia Education Across Europe
250 _a1st
260 _bRouledge,
_c1994
300 _a220
520 _aThis book identifies the exciting developments now taking place within and across European boundaries. Preface, Introduction, The European Agenda: Rhetoric and Reality, Comparing European Experiences, Italy: The Coming of Age of Media Studies, Communication Studies in Spain: An Individual Perspective, Theoretical and Vocational Training in Dutch-Speaking Belgium, Theory and Practice and Market Forces in Britain: A Case of Relative Autonomy, Communication and Media Studies in Sweden, Communication Science and Broadcasting in the Netherlands, Communication Knowledge and Communication Beliefs: Their Educational and Social Implications, Teaching Communication During an Accelerating Media Evolution: A Lifelong Learning Process?, Teaching and Linguistic Research on ''Communication and Media'', Theory and Practice in Media Education: Knowing Why and Knowing How, Communication and Media Education: A New Discipline in Europe?, Name and Subject Index.
700 1 _aFrench David
_9592
700 1 _aRichards Michael
_9593
942 _cBK
999 _c441
_d441